Quiz su Taiwan - Statistics

Statistiche generali
  • Questo quiz è stato fatto 604 volte
    599 dall'ultimo reset
  • Il punteggio medio è 10 su 17
Statistiche sulle risposte
Domanda Risposta % Corretto
Capitale di Taiwan Taipei
96%
Nome ufficiale di Taiwan Repubblica di {Cina}
87%
Paese che ha occupato Taiwan dal 1895-1945 Giappone
86%
Ente internazionale che ha espulso Taiwan nel 1971 Nazioni Unite
83%
Religione più praticata(escluse le religioni popolari) Buddismo
76%
Navigando verso sud da Taiwan, qual è il primo paese che raggiungeresti? Filippine
75%
Oggetto raffigurato sulla bandiera di Taiwan Il Sole
65%
Soprannome delle "ruggenti" economie di
Taiwan, Hong Kong, Singapore,
e la Corea del Sud
Quattro {Tigri} asiatiche
63%
Ex nome dell'isola di Taiwan Formosa
59%
Lo sport più popolare Baseball
54%
Valuta di Taiwan Nuovo dollaro taiwanese
47%
L'edificio che fu il più alto del mondo nel 2004–2010 (suggerimento: capitale + numero) Taipei 101
47%
Specchio d'acqua che divide Cina e Taiwan Stretto di {Taiwan}
44%
Tipo di "tè" che spesso contiene palline di tapioca {Bubble} Tè
39%
La montagna più alta {Yu} Shan
33%
Generalissimo che ha fondato Taiwan dopo essere fuggito dalla terraferma nel 1949 Chiang Kai-Shek
32%
Azienda taiwanese che produce iPhone in Cina {Fox}conn
22%
Nessun quiz corrispondente trovato
Distribuzione punteggi
Percentuale di utenti per punteggio
Percentile per numero di risposta
I tuoi punteggi nel tempo
Non hai fatto questo quiz dall'ultimo reset